Online
Catalog

Palabras para el Pueblo : (Record no. 41366)

MARC details
000 -CABECERA
campo de control de longitud fija 01102nam a2200229 a 4500
001 - NÚMERO DE CONTROL
campo de control 000041877
005 - FECHA Y HORA DE LA ÚLTIMA TRANSACCIÓN
campo de control 20201002035815.0
008 - DATOS DE LONGITUD FIJA--INFORMACIÓN GENERAL
campo de control de longitud fija 131018s2001 sp a 000 0 spa d
020 ## - NÚMERO INTERNACIONAL ESTÁNDAR DEL LIBRO
Número Internacional Estándar del Libro 8400079604
040 ## - FUENTE DE LA CATALOGACIÓN
Centro catalogador/agencia de origen DO-SdBNP
Lengua de catalogación spa
Centro/agencia transcriptor BNPHU
082 ## - NÚMERO DE LA CLASIFICACIÓN DECIMAL DEWEY
Número de clasificación xxx
Número de documento/Ítem P153p
110 1# - ENTRADA PRINCIPAL--NOMBRE DE ENTIDAD CORPORATIVA
Nombre de entidad corporativa o nombre de jurisdicción como elemento de entrada Coloquio Internacional sobre la Literatura de Cordel
Número del congreso/reunión o número de parte o sección (1st :
Fecha del congreso/reunión o de la firma de un tratado 2000
Sede del congreso/Lugar de la reunión Madrid)
9 (RLIN) 68766
245 10 - MENCIÓN DE TÍTULO
Título Palabras para el Pueblo :
Resto del título La colección de pliegos del CSIC : fondos de la imprenta Hernando /
Mención de responsabilidad, etc. coordinador, Luis Díaz G. Viana ; edición a cargo de Araceli Godino Loópez ... [et al.].
260 ## - PUBLICACIÓN, DISTRIBUCIÓN, ETC.
Lugar de publicación, distribución, etc. Madrid :
Nombre del editor, distribuidor, etc. Consejo Superior de Investigaciones Científicas,
-- Departamento de Antropología de España y América,
Fecha de publicación, distribución, etc. 2001.
300 ## - DESCRIPCIÓN FÍSICA
Extensión v. :
Otras características físicas il. ;
Dimensiones 25 cm.
490 1# - MENCIÓN DE SERIE
Mención de serie Biblioteca de dialectología y tradiciones populares
Designación de volumen o secuencia 33
500 ## - NOTA GENERAL
Nota general Incluye referencias bibliográficas y notas al pie de las páginas.
504 ## - NOTA DE BIBLIOGRAFÍA, ETC.
Nota de bibliografía, etc. Bibliografía: p. 755-775
700 1# - PUNTO DE ACCESO ADICIONAL--NOMBRE DE PERSONA
Nombre de persona Díaz G. Viana, Luis
9 (RLIN) 43426
700 12 - PUNTO DE ACCESO ADICIONAL--NOMBRE DE PERSONA
Nombre de persona Godino Loópez, Araceli
Término indicativo de función/relación ed.
9 (RLIN) 68767
830 #0 - PUNTO DE ACCESO ADICIONAL DE SERIE-TÍTULO UNIFORME
Título uniforme Biblioteca de dialectología y tradiciones populares
Número de parte o sección de la obra 33
9 (RLIN) 68768
Holdings
Estado de retiro Estado de pérdida Restricciones de uso No para préstamo Código de colección Localización permanente Ubicación/localización actual Ubicación en estantería Fecha de adquisición Número de inventario Total de préstamos Signatura topográfica completa Código de barras Fecha visto por última vez Precio válido a partir de Tipo de ítem Koha
      Excluido de préstamo Monografías: Libros y Folletos General General En catalogación 18.10.2013 LF1   v. 2 41877-10 25.06.2020 25.06.2020 No se presta

Powered by Koha